Le bon film (click quiz) - Statistiques

Statistiques générales
  • Ce quiz a été pris 104 fois
  • Le résultat moyen est 5 sur 8
Statistiques - réponses
Hint Réponse % Correct
L'astiquer, ça fait ... Peur
79%
Bouts Les quatre cents ...
64%
Le pulpeux arrière-train ....d'Amélie Poulain
62%
Eléphant Le cinquième ...
58%
Ourlet Mais .... donc passée la 7 ème compagnie ?
57%
Le gros biscuit ... de Cherbourg
49%
Nerf Un ... de Famille
49%
Viande hachée La ... de Paris
43%
Aucun quiz correspondant
Distribution des résultats
% des personnes avec chaque résultat
Percentile par nombre de réponses
Votre historique - résultats
Vous n’avez pas pris ce quiz